[Event "I Festival A"]
[Site "Assisi ITA"]
[Date "2003.12.21"]
[Round "3"]
[White "Stein, Wolgang"]
[Black "Scipioni, Gaetano"]
[Result "1/2-1/2"]
[WhiteElo "1634"]
[BlackElo "2046"]
[PlyCount "81"]
[EventDate "2003.12.20"]

1. e4 d6 2. Bc4 Nf6 3. d3 e5 4. Ne2 Nbd7 5. Nbc3 c6 6. a4 g6 7. a5 Bg7 8. Bg5
Qc7 9. Qd2 Nc5 10. b4 Ne6 11. Bxf6 Bxf6 12. Ng3 Nf4 13. O-O Be6 14. Bxe6 Nxe6
15. Nce2 O-O 16. c3 d5 17. Ra3 Bg7 18. Qc2 Rad8 19. Rb1 dxe4 20. Nxe4 Rd7 21.
Rab3 Rfd8 22. c4 f5 23. Nc5 Nxc5 24. bxc5 Qxa5 25. g3 Qxc5 26. Rxb7 Rxd3 27.
Rb8 R3d7 28. Qa4 Bf6 29. R1b7 Qd6 30. c5 Qd1+ 31. Qxd1 Rxd1+ 32. Kg2 R1d5 33.
Rxd8+ Bxd8 34. Rxa7 Rxc5 35. Ra8 Rd5 36. Nc3 Rd3 37. Na4 Kg7 38. Nc5 Rd6 39.
Rxd8 Rxd8 40. Ne6+ Kf6 41. Nxd8 1/2-1/2

[Event "I Festival A"]
[Site "Assisi ITA"]
[Date "2003.12.21"]
[Round "3"]
[White "Stromboli, Carlo"]
[Black "Rombaldoni, Denis"]
[Result "1/2-1/2"]
[WhiteElo "1894"]
[BlackElo "2131"]
[PlyCount "95"]
[EventDate "2003.12.20"]

1. e4 c6 2. d4 d5 3. Nd2 dxe4 4. Nxe4 Nf6 5. Nxf6+ gxf6 6. Nf3 Bg4 7. Be2 e6 8.
Be3 Bd6 9. Qd2 Qc7 10. c4 Qe7 11. a3 a5 12. h3 Bh5 13. Rc1 O-O 14. d5 cxd5 15.
cxd5 Na6 16. Nd4 Bg6 17. dxe6 Nc5 18. exf7+ Kh8 19. Bc4 Rfd8 20. O-O Qe4 21.
Ba2 b6 22. Bb1 Qe5 23. f4 Qd5 24. Nf3 Qxf7 25. Bxg6 hxg6 26. Qc3 Kh7 27. f5 Ne4
28. Qc2 Re8 29. Bxb6 Ng3 30. fxg6+ Qxg6 31. Qxg6+ Kxg6 32. Rfe1 Ne2+ 33. Kf2
Bg3+ 34. Kf1 Nxc1 35. Rxc1 Rac8 36. Rxc8 Rxc8 37. Bxa5 Rc1+ 38. Be1 Rb1 39. b4
Ra1 40. Ke2 Bxe1 41. Nxe1 Rxa3 42. Nd3 Kf5 43. Ke3 Ra2 44. g3 Rh2 45. Nf2 Rg2
46. Kf3 Rg1 47. Nd3 Rf1+ 48. Ke3 1/2-1/2

[Event "I Festival A"]
[Site "Assisi ITA"]
[Date "2003.12.21"]
[Round "3"]
[White "Stromboli, Ettore"]
[Black "Drazic, Sinisa"]
[Result "0-1"]
[WhiteElo "2137"]
[BlackElo "2467"]
[PlyCount "132"]
[EventDate "2003.12.20"]

1. e4 c5 2. Nf3 a6 3. d4 cxd4 4. Nxd4 Nf6 5. Nc3 e5 6. Nb3 Bb4 7. Bd2 Nc6 8.
Bd3 O-O 9. O-O Re8 10. Nd5 Bxd2 11. Nxf6+ Qxf6 12. Qxd2 d6 13. Bc4 Be6 14. Na5
Nxa5 15. Bxe6 Qxe6 16. Qxa5 Qc4 17. Rad1 Rad8 18. Qd5 Qxc2 19. Qxb7 a5 20. Qb6
a4 21. Rxd6 Rb8 22. Qa5 Qxe4 23. Qd2 h6 24. h3 Rb5 25. Rc1 Reb8 26. Rc2 Kh7 27.
Qc3 R8b7 28. f3 Qf5 29. Qd2 f6 30. Qe2 Rb4 31. Rdd2 h5 32. a3 Rb3 33. Qc4 Qg6
34. Kf2 Qe8 35. Qe4+ Kh6 36. g4 g6 37. gxh5 gxh5 38. Rd6 Qg6 39. Qxg6+ Kxg6 40.
Ra6 Rxb2 41. Rxb2 Rxb2+ 42. Kg3 h4+ 43. Kxh4 Rb3 44. Rxa4 Rxf3 45. Kg4 Rd3 46.
Ra6 Rd4+ 47. Kg3 Kf5 48. h4 Rg4+ 49. Kh3 Rg1 50. Rb6 e4 51. Kh2 Rg4 52. Kh3 Rg1
53. Kh2 Ra1 54. Kg2 Ra2+ 55. Kf1 Rxa3 56. Kg2 Ke5 57. h5 Ra7 58. Kg3 Rg7+ 59.
Kf2 f5 60. h6 Rg5 61. h7 Rh5 62. Rb5+ Kf4 63. Rb7 Ke5 64. Rb5+ Kf6 65. Rb6+ Kg5
66. Rb5 Rxh7 0-1

[Event "I Festival A"]
[Site "Assisi ITA"]
[Date "2003.12.21"]
[Round "3"]
[White "Terbonati, Paolo"]
[Black "Calisi, Elia"]
[Result "1-0"]
[WhiteElo "1572"]
[BlackElo "1714"]
[PlyCount "78"]
[EventDate "2003.12.20"]

1. c4 e5 2. Nc3 Nf6 3. g3 g6 4. Bg2 Bg7 5. Nf3 d6 6. O-O Be6 7. Ng5 c6 8. Nxe6
fxe6 9. Qb3 Qb6 10. Qxb6 axb6 11. d3 Nbd7 12. b4 d5 13. Bb2 h5 14. h4 Bh6 15.
Bc1 Bxc1 16. Rfxc1 Ke7 17. a4 Nh7 18. cxd5 exd5 19. Nxd5+ cxd5 20. Bxd5 Rab8
21. Be4 g5 22. Rc7 gxh4 23. gxh4 Nhf6 24. Bf3 Rhc8 25. Rxb7 Rxb7 26. Bxb7 Rc2
27. Bf3 Kd6 28. a5 bxa5 29. bxa5 Rc7 30. e3 Nc5 31. d4 exd4 32. exd4 Nb3 33.
Ra4 Rg7+ 34. Bg2 Nd2 35. a6 Ra7 36. Bb7 Nd5 37. Ra5 Nc7 38. Rxh5 Nf3+ 39. Bxf3
Nxa6 1-0

[Event "I Festival A"]
[Site "Assisi ITA"]
[Date "2003.12.22"]
[Round "4"]
[White "Bonugli, Carlo"]
[Black "Di Caro, Calogero"]
[Result "0-1"]
[WhiteElo "2047"]
[BlackElo "2221"]
[PlyCount "56"]
[EventDate "2003.12.20"]

1. e4 e6 2. d3 d5 3. Nd2 Nf6 4. Ngf3 g6 5. g3 Bg7 6. Bg2 O-O 7. O-O c5 8. c3
Nc6 9. Re1 Kh8 10. h3 a5 11. e5 Nd7 12. d4 cxd4 13. cxd4 f6 14. exf6 Qxf6 15.
Qe2 Nxd4 16. Nxd4 Qxd4 17. Nf3 Qb4 18. a3 Qb3 19. Qe3 Qxe3 20. Rxe3 Ra6 21. Rb3
Rb6 22. Rxb6 Nxb6 23. Rb1 e5 24. b4 Bf5 25. Rb3 a4 26. Re3 e4 27. Nd2 Bd4 28.
Re1 Bd7 0-1

[Event "I Festival A"]
[Site "Assisi ITA"]
[Date "2003.12.22"]
[Round "4"]
[White "Calandri, Fausto"]
[Black "Trombettoni, Andrea"]
[Result "1-0"]
[WhiteElo "2115"]
[BlackElo "2033"]
[PlyCount "83"]
[EventDate "2003.12.20"]

1. e4 d6 2. d4 g6 3. Nf3 Bg7 4. Nc3 e6 5. Be2 Ne7 6. Bg5 f6 7. Be3 O-O 8. Qd2
a6 9. h4 b5 10. h5 g5 11. d5 e5 12. h6 Bh8 13. Nh2 Nd7 14. Bg4 Nc5 15. f3 b4
16. Ne2 f5 17. exf5 Bxf5 18. Bxc5 dxc5 19. Qxg5+ Ng6 20. Qxd8 Raxd8 21. O-O-O
Bxg4 22. Nxg4 Nf4 23. Nxf4 exf4 24. Rh5 Bd4 25. Rg5+ Kf7 26. Re1 Rd6 27. Re4
Rfd8 28. Rxf4+ Ke7 29. Rff5 c6 30. c3 bxc3 31. bxc3 Bxc3 32. Ne5 cxd5 33. Nf7
Bd4 34. Nxd8 Be3+ 35. Kc2 Bxg5 36. Rxg5 Kxd8 37. Rg8+ Kc7 38. Rg7+ Rd7 39. g4
Kd6 40. Rxd7+ Kxd7 41. g5 Ke6 42. g6 1-0

[Event "I Festival A"]
[Site "Assisi ITA"]
[Date "2003.12.22"]
[Round "4"]
[White "Caruso, Augusto"]
[Black "Lapenna, Antonio"]
[Result "1-0"]
[WhiteElo "2247"]
[BlackElo "2072"]
[PlyCount "49"]
[EventDate "2003.12.20"]

1. e4 c5 2. Nf3 d6 3. Nc3 Nc6 4. d4 cxd4 5. Nxd4 Nf6 6. Bc4 g6 7. Nxc6 bxc6 8.
e5 d5 9. exf6 dxc4 10. Qxd8+ Kxd8 11. Bg5 Kc7 12. fxe7 Bxe7 13. Bf4+ Kb7 14.
O-O-O Bf5 15. Ne2 Rad8 16. Nd4 Bc8 17. Rhe1 Bc5 18. Nf3 Rxd1+ 19. Rxd1 Bxf2 20.
Ne5 Be6 21. Nxf7 Rf8 22. Nd8+ Kb6 23. Nxe6 Rf6 24. Rf1 Be3+ 25. Bxe3+ 1-0

[Event "I Festival A"]
[Site "Assisi ITA"]
[Date "2003.12.22"]
[Round "4"]
[White "Castrogiovanni, Carlo"]
[Black "Stromboli, Ettore"]
[Result "1-0"]
[WhiteElo "2068"]
[BlackElo "2137"]
[PlyCount "85"]
[EventDate "2003.12.20"]

1. Nf3 Nf6 2. g3 b6 3. Bg2 Bb7 4. O-O e6 5. d4 c5 6. e3 Nc6 7. c4 Rc8 8. Nc3
Na5 9. b3 cxd4 10. exd4 d5 11. Ne5 Ba6 12. Bb2 dxc4 13. b4 Bxb4 14. Qa4+ Nd7
15. Nxd7 Qxd7 16. Qxb4 Qe7 17. Ne4 Nc6 18. Nd6+ Kd7 19. Nxc8 Nxb4 20. Nxe7 c3
21. Bxc3 Bxf1 22. Bxb4 Bxg2 23. Kxg2 a5 24. Ba3 b5 25. Bc5 b4 26. Rc1 Ra8 27.
f4 g6 28. Rb1 Rb8 29. Kf3 f5 30. h4 Kc7 31. Rc1 Kb7 32. Nc6 Ra8 33. Ne5 Ka6 34.
Rb1 Rc8 35. Ke3 h6 36. Kd3 g5 37. hxg5 hxg5 38. fxg5 Kb5 39. a3 b3 40. Rxb3+
Ka4 41. Rc3 Rh8 42. Kc4 f4 43. Nd7 1-0

[Event "I Festival A"]
[Site "Assisi ITA"]
[Date "2003.12.22"]
[Round "4"]
[White "Delizia, Costantino"]
[Black "Terbonati, Paolo"]
[Result "1-0"]
[WhiteElo "2219"]
[BlackElo "1572"]
[PlyCount "55"]
[EventDate "2003.12.20"]

1. e4 c5 2. c3 d6 3. d4 cxd4 4. cxd4 Nf6 5. Nc3 g6 6. Nf3 Bg7 7. h3 O-O 8. Bd3
Be6 9. O-O Qe8 10. Qe2 a6 11. a4 h6 12. Be3 Kh7 13. a5 Bd7 14. e5 dxe5 15. dxe5
Ng8 16. Nd5 Bb5 17. Nc7 Qd7 18. Nxb5 axb5 19. Bxb5 Nc6 20. Bb6 Rfc8 21. Rfd1
Qe8 22. Nd2 h5 23. g4 hxg4 24. hxg4 Bh6 25. Nc4 Kg7 26. Qe4 Kf8 27. Ra3 Bg7 28.
Rf3 1-0

[Event "I Festival A"]
[Site "Assisi ITA"]
[Date "2003.12.22"]
[Round "4"]
[White "Drazic, Sinisa"]
[Black "Brancaleoni, Maurizio"]
[Result "1-0"]
[WhiteElo "2467"]
[BlackElo "2313"]
[PlyCount "75"]
[EventDate "2003.12.20"]

1. d4 d5 2. Bg5 f6 3. Bh4 Nh6 4. f3 c5 5. dxc5 e5 6. Bf2 Na6 7. e4 dxe4 8.
Qxd8+ Kxd8 9. Bxa6 bxa6 10. Nc3 exf3 11. Nxf3 Kc7 12. O-O-O Ng4 13. Bg1 Bb7 14.
h3 Nh6 15. Nd5+ Bxd5 16. Rxd5 Rd8 17. c4 Nf5 18. Bf2 g6 19. Rxd8 Kxd8 20. g4
Bh6+ 21. Kc2 Be3 22. Rf1 Bxf2 23. Rxf2 Ng3 24. b4 Re8 25. Rg2 Ne4 26. Nd2 Ng5
27. h4 Ne6 28. Ne4 f5 29. gxf5 gxf5 30. Nf6 Rf8 31. Nxh7 Rh8 32. Ng5 Nf4 33.
Rd2+ Ke7 34. c6 e4 35. Rd7+ Kf6 36. Rxa7 Rxh4 37. Nh7+ Ke6 38. Nf8+ 1-0

[Event "I Festival A"]
[Site "Assisi ITA"]
[Date "2003.12.22"]
[Round "4"]
[White "Epishin, Vladimir V."]
[Black "Lazarev, Vladimir"]
[Result "1/2-1/2"]
[WhiteElo "2658"]
[BlackElo "2526"]
[PlyCount "111"]
[EventDate "2003.12.20"]

1. d4 Nf6 2. c4 e6 3. Nf3 d5 4. Nc3 Bb4 5. Bg5 h6 6. Bxf6 Qxf6 7. e3 O-O 8. Be2
c5 9. cxd5 exd5 10. O-O Bxc3 11. bxc3 Nc6 12. Rb1 Rd8 13. dxc5 Qe7 14. Nd4 Qxc5
15. Qb3 b6 16. Rfc1 Bb7 17. Qa4 Ne5 18. Qb4 Rac8 19. a4 Qxb4 20. cxb4 g6 21. f3
Kf8 22. Kf2 Ke7 23. a5 Rxc1 24. Rxc1 Rc8 25. Ra1 bxa5 26. Rxa5 a6 27. Bxa6 Bxa6
28. Rxa6 Nd3+ 29. Ke2 Nxb4 30. Rb6 Nc2 31. Nc6+ Ke8 32. Ra6 Na3 33. Kd3 Nb5 34.
Rb6 Nc7 35. Kd4 Ra8 36. Rb7 Ra4+ 37. Rb4 Ra2 38. Rb8+ Kd7 39. Ne5+ Ke7 40. Rb7
Rd2+ 41. Kc3 Rxg2 42. f4 Kd6 43. Nxf7+ Kc6 44. Rb8 Ne6 45. Rg8 d4+ 46. Kd3 dxe3
47. Kxe3 Rxh2 48. Rxg6 Kd5 49. f5 Rh3+ 50. Kf2 Nd4 51. Kg2 Rh5 52. f6 Ne6 53.
Kg3 Rh1 54. Rxh6 Rxh6 55. Nxh6 Ke5 56. Ng8 1/2-1/2

[Event "I Festival A"]
[Site "Assisi ITA"]
[Date "2003.12.22"]
[Round "4"]
[White "Esposito, Luca"]
[Black "Stromboli, Carlo"]
[Result "1/2-1/2"]
[WhiteElo "2202"]
[BlackElo "1894"]
[PlyCount "43"]
[EventDate "2003.12.20"]

1. d4 Nf6 2. c4 e6 3. Nc3 Bb4 4. Qc2 c5 5. dxc5 Bxc5 6. Nf3 Nc6 7. a3 b6 8. Bg5
h6 9. Bh4 Bb7 10. Rd1 Be7 11. e3 Rc8 12. Be2 O-O 13. O-O Qe8 14. Nb5 d5 15.
Bxf6 gxf6 16. cxd5 Nd4 17. Nc7 Nxe2+ 18. Qxe2 Rxc7 19. d6 Rc5 20. dxe7 Qxe7 21.
Rd2 Rd8 22. Rfd1 1/2-1/2

[Event "I Festival A"]
[Site "Assisi ITA"]
[Date "2003.12.22"]
[Round "4"]
[White "Frigieri, Fabrizio"]
[Black "Stein, Wolgang"]
[Result "0-1"]
[WhiteElo "2082"]
[BlackElo "1634"]
[PlyCount "80"]
[EventDate "2003.12.20"]

1. e4 e5 2. Nf3 f5 3. Nc3 Nf6 4. Bc4 Nc6 5. d3 Bc5 6. O-O d6 7. Ng5 Rf8 8. Nxh7
f4 9. Nd5 Ng4 10. Nxf8 Qh4 11. h3 Nxf2 12. Rxf2 Bxf2+ 13. Kf1 Kxf8 14. Qf3 Bg3
15. c3 g5 16. Nf6 Na5 17. Qh5 Qxh5 18. Nxh5 Bh4 19. Nf6 Nxc4 20. dxc4 c6 21. b3
Kf7 22. Ng4 Bxg4 23. hxg4 Rh8 24. Ke2 Bg3 25. Ba3 Ke6 26. Rd1 c5 27. b4 b6 28.
Bb2 a5 29. bxa5 bxa5 30. Rb1 Rb8 31. Kd3 a4 32. Kc2 Bf2 33. Bc1 Rh8 34. Rb7 Rh2
35. Rg7 Rxg2 36. Ba3 Be3+ 37. Kb1 Rxg4 38. Rg6+ Kd7 39. Rg7+ Kc6 40. Ra7 f3 0-1

[Event "I Festival A"]
[Site "Assisi ITA"]
[Date "2003.12.22"]
[Round "4"]
[White "Gambardella, Piero"]
[Black "Bighiu, Gheorghe"]
[Result "1-0"]
[WhiteElo "2008"]
[BlackElo "2112"]
[PlyCount "57"]
[EventDate "2003.12.20"]

1. d4 d5 2. c4 c6 3. Nc3 Nf6 4. e3 e6 5. Nf3 Bd6 6. Qc2 Nbd7 7. g4 dxc4 8. g5
Nd5 9. Bxc4 a6 10. Ne4 Be7 11. Bd2 b6 12. Rg1 Bb7 13. g6 hxg6 14. Neg5 Bxg5 15.
Nxg5 Qf6 16. e4 Rxh2 17. O-O-O Nf4 18. e5 Qf5 19. Ne4 Kf8 20. Rg5 Qh3 21. Bxf4
Rh1 22. Rgg1 Rxg1 23. Rxg1 c5 24. Nd6 Bc6 25. dxc5 Nxc5 26. Bf1 Qf3 27. Be3 Be4
28. Nxe4 Qxe4 29. Bxc5+ 1-0

[Event "I Festival A"]
[Site "Assisi ITA"]
[Date "2003.12.22"]
[Round "4"]
[White "Korneev, Oleg"]
[Black "Miladinovic, Igor"]
[Result "0-1"]
[WhiteElo "2559"]
[BlackElo "2599"]
[PlyCount "58"]
[EventDate "2003.12.20"]

1. e4 c5 2. Nf3 Nc6 3. d4 cxd4 4. Nxd4 Qc7 5. Nc3 e6 6. Be2 a6 7. O-O Nf6 8.
Be3 Bb4 9. Na4 Be7 10. Nxc6 bxc6 11. Nb6 Rb8 12. Nxc8 Qxc8 13. Bd4 Nxe4 14.
Bxg7 Rg8 15. Be5 d6 16. Qd3 f5 17. Bf4 Kf7 18. b3 a5 19. c4 e5 20. Bh6 Nf6 21.
Bd2 Qe6 22. Bxa5 f4 23. f3 Rg5 24. Be1 Qh3 25. Rf2 Rbg8 26. Bf1 e4 27. g4 Nxg4
28. Bxh3 Nxf2+ 29. Kxf2 exd3 0-1

[Event "I Festival A"]
[Site "Assisi ITA"]
[Date "2003.12.22"]
[Round "4"]
[White "Maddaloni, Giovanni"]
[Black "Scivales, Daniel"]
[Result "0-1"]
[WhiteElo "1670"]
[BlackElo "2088"]
[PlyCount "76"]
[EventDate "2003.12.20"]

1. e4 g6 2. Nc3 c6 3. d4 d5 4. e5 h5 5. f4 Bg4 6. Nf3 e6 7. Be2 Nd7 8. O-O Nh6
9. h3 Bxf3 10. Rxf3 a6 11. Be3 Rc8 12. Bf1 Nf5 13. Bf2 c5 14. Ne2 Qb6 15. c4
dxc4 16. d5 exd5 17. Qxd5 Qc6 18. Rd1 Qxd5 19. Rxd5 b5 20. Ra3 Rc6 21. g4 hxg4
22. hxg4 Nd4 23. Bxd4 cxd4 24. Nxd4 Bxa3 25. Nxc6 Bxb2 26. Bg2 Ba3 27. f5 gxf5
28. gxf5 c3 29. Be4 Rh6 30. f6 Rh5 31. Kg2 c2 32. Bxc2 Bb2 33. Bd1 Rg5+ 34. Kh3
Bxe5 35. Bg4 Rxg4 36. Rxd7 Rg3+ 37. Kh4 Kxd7 38. Nxe5+ Ke6 0-1

[Event "I Festival A"]
[Site "Assisi ITA"]
[Date "2003.12.22"]
[Round "4"]
[White "Mogranzini, Roberto"]
[Black "Skembris, Spyridon"]
[Result "1/2-1/2"]
[WhiteElo "2172"]
[BlackElo "2439"]
[PlyCount "77"]
[EventDate "2003.12.20"]

1. e4 e5 2. Nf3 Nc6 3. Bb5 a6 4. Ba4 Nf6 5. Qe2 Be7 6. O-O b5 7. Bb3 d6 8. c3
O-O 9. d4 Bg4 10. Rd1 Qe8 11. h3 Bh5 12. a4 Na5 13. Bc2 Bxf3 14. Qxf3 c5 15.
dxe5 dxe5 16. Nd2 c4 17. Nf1 Nb3 18. Bxb3 cxb3 19. axb5 axb5 20. Bg5 Ra2 21.
Rab1 Nd7 22. Bxe7 Qxe7 23. Qd3 Nc5 24. Qxb5 Qa7 25. Ne3 h6 26. Nf5 Nxe4 27.
Qxe5 Qxf2+ 28. Kh2 Nf6 29. Re1 Qb6 30. Nxh6+ Kh7 31. Nf5 Re8 32. Qg3 Qb8 33.
Qxb8 Rxb8 34. Nd4 Rb7 35. Re2 Nd5 36. Re5 Nf4 37. Re3 f6 38. Rf1 Ng6 39. Re2
1/2-1/2

[Event "I Festival A"]
[Site "Assisi ITA"]
[Date "2003.12.22"]
[Round "4"]
[White "Ragonesi, Marcello"]
[Black "Farachi, Francesco"]
[Result "0-1"]
[WhiteElo "1988"]
[BlackElo "2094"]
[PlyCount "76"]
[EventDate "2003.12.20"]

1. Nf3 Nf6 2. c4 d6 3. g3 e5 4. Nc3 Be7 5. Bg2 c5 6. d3 h6 7. O-O O-O 8. a3 Nc6
9. Ne1 Nh7 10. Nd5 f5 11. e3 Nf6 12. Rb1 Kh8 13. Nc2 Nxd5 14. Bxd5 Qe8 15. b4
Qg6 16. f4 Bf6 17. Bg2 exf4 18. gxf4 Rb8 19. d4 cxd4 20. Nxd4 Nxd4 21. exd4 b5
22. cxb5 Rxb5 23. Kh1 a5 24. Rg1 Qf7 25. Qd3 Ba6 26. Be3 Rfb8 27. Rbc1 axb4 28.
axb4 Bb7 29. Bd2 Bxg2+ 30. Rxg2 Qd5 31. Bc3 Re8 32. Rd1 Re4 33. Qd2 Rb8 34. Kg1
Rbe8 35. Kf1 Re3 36. Rc1 Qf3+ 37. Kg1 Re2 38. Rxe2 Rxe2 0-1

[Event "I Festival A"]
[Site "Assisi ITA"]
[Date "2003.12.22"]
[Round "4"]
[White "Rombaldoni, Andrea"]
[Black "Sansonetti, Giorgio"]
[Result "1/2-1/2"]
[WhiteElo "2275"]
[BlackElo "2123"]
[PlyCount "38"]
[EventDate "2003.12.20"]

1. e4 e6 2. d4 d5 3. Nc3 Bb4 4. a3 Bxc3+ 5. bxc3 Ne7 6. Qg4 c5 7. Qxg7 Rg8 8.
Qxh7 Nbc6 9. Nf3 Qa5 10. Bd2 Bd7 11. c4 Qa4 12. exd5 exd5 13. Qd3 cxd4 14. Qb3
Qxb3 15. cxb3 dxc4 16. bxc4 O-O-O 17. h3 Nf5 18. O-O-O Nd6 19. Be1 Rge8 1/2-1/2

[Event "I Festival A"]
[Site "Assisi ITA"]
[Date "2003.12.22"]
[Round "4"]
[White "Rombaldoni, Axel"]
[Black "Aleksic, Nenad"]
[Result "0-1"]
[WhiteElo "1894"]
[BlackElo "2391"]
[PlyCount "66"]
[EventDate "2003.12.20"]

1. e4 c5 2. Nf3 d6 3. d4 cxd4 4. Nxd4 Nf6 5. Nc3 a6 6. Bc4 e6 7. Bb3 Nbd7 8.
Bg5 Nc5 9. f4 Be7 10. Qf3 Qc7 11. O-O-O O-O 12. Rhe1 b5 13. e5 Bb7 14. exf6
Bxf3 15. fxe7 Bxd1 16. exf8=Q+ Rxf8 17. Rxd1 d5 18. Nce2 b4 19. f5 e5 20. Nf3
Rc8 21. Ne1 d4 22. Kb1 a5 23. Bh4 Nxb3 24. cxb3 Qc6 25. Ng3 Qh6 26. Nf3 Qc6 27.
Ne1 f6 28. a4 bxa3 29. bxa3 a4 30. Ka2 axb3+ 31. Kb2 Qc3+ 32. Kb1 b2 33. Ne4
Qc1+ 0-1

[Event "I Festival A"]
[Site "Assisi ITA"]
[Date "2003.12.22"]
[Round "4"]
[White "Rombaldoni, Denis"]
[Black "Machi', Fabio"]
[Result "1-0"]
[WhiteElo "2131"]
[BlackElo "1951"]
[PlyCount "131"]
[EventDate "2003.12.20"]

1. d4 d5 2. c4 c6 3. Nf3 Nf6 4. g3 e6 5. Bg2 Bd6 6. O-O O-O 7. Nbd2 Nbd7 8. e4
Bc7 9. cxd5 exd5 10. e5 Ne8 11. Nb3 Bb6 12. Re1 Nc7 13. Bg5 Qe8 14. Nh4 Ne6 15.
Be3 f6 16. f4 Bd8 17. f5 Nxd4 18. Nxd4 Nxe5 19. Ndf3 Qh5 20. Bc5 Re8 21. Nd4
Qf7 22. Nhf3 Bc7 23. Qc2 Bd7 24. a4 b6 25. Ba3 Nc4 26. b3 Ne3 27. Qd3 Nxg2 28.
Kxg2 Be5 29. Rac1 c5 30. Nb5 Bc6 31. Kf2 d4 32. Nxe5 fxe5 33. Nd6 e4 34. Qc4
Qxc4 35. Nxc4 e3+ 36. Kg1 Be4 37. Nd6 Re5 38. Nxe4 Rxe4 39. Rcd1 Rd8 40. Rd3
Rd5 41. Kg2 Rxf5 42. Re2 h5 43. Rd1 Rd5 44. Bc1 Rde5 45. Kf3 g5 46. Ree1 Kf7
47. Ke2 Ke6 48. Rf1 Ke7 49. Rde1 a6 50. Kd3 b5 51. Re2 h4 52. Ba3 hxg3 53.
Bxc5+ Kd7 54. Bxd4 Re6 55. hxg3 bxa4 56. bxa4 Kd6 57. Bxe3 Rxa4 58. Bc5+ Kxc5
59. Rxe6 Ra3+ 60. Ke4 Rxg3 61. Rc1+ Kb5 62. Re8 a5 63. Rb8+ Ka6 64. Rcb1 Rg4+
65. Kf5 Rc4 66. Ra8# 1-0

[Event "I Festival A"]
[Site "Assisi ITA"]
[Date "2003.12.22"]
[Round "4"]
[White "Scipioni, Gaetano"]
[Black "Pizzuto, Samuele Tullio"]
[Result "1/2-1/2"]
[WhiteElo "2046"]
[BlackElo "2120"]
[PlyCount "51"]
[EventDate "2003.12.20"]

1. d4 d5 2. Nf3 Nc6 3. Bf4 Bg4 4. e3 e6 5. c4 Bb4+ 6. Nc3 Nf6 7. a3 Bxc3+ 8.
bxc3 Ne4 9. Bd3 O-O 10. O-O f5 11. Qc1 Bxf3 12. gxf3 Nf6 13. Bg5 Qe8 14. Bxf6
Rxf6 15. f4 Qh5 16. f3 Na5 17. Rb1 dxc4 18. Bc2 Rd8 19. Qe1 a6 20. a4 b6 21.
Qe2 h6 22. Kh1 Kh8 23. Rg1 g5 24. Rg2 Rg8 25. Rbg1 Rf7 26. e4 1/2-1/2

[Event "I Festival A"]
[Site "Assisi ITA"]
[Date "2003.12.22"]
[Round "4"]
[White "Starostits, Ilmars"]
[Black "Diekmann, Hans-Joachim"]
[Result "1-0"]
[WhiteElo "2431"]
[BlackElo "2151"]
[PlyCount "71"]
[EventDate "2003.12.20"]

1. e4 c5 2. Nc3 Nc6 3. g3 g6 4. Bg2 Bg7 5. d3 Nf6 6. f4 d6 7. Nge2 O-O 8. O-O
Bd7 9. h3 Qc8 10. Kh2 Rb8 11. a4 Nb4 12. g4 Qc7 13. Ng3 Rbd8 14. f5 Bc6 15. Nb5
Qb8 16. c3 Na6 17. Bf4 Nd7 18. d4 b6 19. g5 Bxb5 20. axb5 Nc7 21. Qa4 e5 22.
Bd2 Rfe8 23. f6 Bf8 24. d5 Qb7 25. Ra3 Ra8 26. Rfa1 Rec8 27. h4 Ne8 28. c4 Rc7
29. Qd1 Nb8 30. Bh3 Nd7 31. h5 Nb8 32. Kg2 Kh8 33. Qg4 Kg8 34. hxg6 hxg6 35.
Qh4 a6 36. Rh1 1-0

[Event "I Festival A"]
[Site "Assisi ITA"]
[Date "2003.12.22"]
[Round "4"]
[White "Tischbierek, Raj"]
[Black "Bentivegna, Francesco"]
[Result "1-0"]
[WhiteElo "2519"]
[BlackElo "2176"]
[PlyCount "107"]
[EventDate "2003.12.20"]

1. g3 e5 2. Bg2 d5 3. d3 Nc6 4. Nf3 Be6 5. c3 f6 6. b4 Qd7 7. Nbd2 g5 8. Qa4
Nd8 9. Qxd7+ Kxd7 10. e4 c6 11. Nb3 dxe4 12. dxe4 Kc7 13. Be3 g4 14. Nfd2 Bh6
15. Bxh6 Nxh6 16. h3 gxh3 17. Bxh3 Bxh3 18. Rxh3 Nhf7 19. Rh5 Ne6 20. Rf5 Kd7
21. Rxf6 Ke7 22. Rf5 h5 23. Nf3 Ng7 24. Nxe5 Nxf5 25. Ng6+ Kf6 26. Nxh8 Rxh8
27. exf5 h4 28. gxh4 Rxh4 29. O-O-O Ne5 30. Na5 Rh3 31. Kc2 Rf3 32. Nxb7 Rxf2+
33. Kb3 Kxf5 34. Rd6 Rg2 35. Na5 Rg6 36. Rxg6 Kxg6 37. Nc4 Nd7 38. Ka4 Kf6 39.
Ka5 Nb8 40. Nd6 Ke6 41. Nc8 Kd5 42. Nxa7 Kc4 43. Kb6 Kxc3 44. a3 Kb3 45. Nxc6
Kxa3 46. b5 Nd7+ 47. Kc7 Nc5 48. b6 Ka4 49. Nd4 Ka5 50. Kc6 Nd7 51. Nb3+ Ka6
52. b7 Ka7 53. Kc7 Nc5 54. b8=Q+ 1-0

[Event "I Festival A"]
[Site "Assisi ITA"]
[Date "2003.12.22"]
[Round "5"]
[White "Aleksic, Nenad"]
[Black "Starostits, Ilmars"]
[Result "1/2-1/2"]
[WhiteElo "2391"]
[BlackElo "2431"]
[PlyCount "23"]
[EventDate "2003.12.20"]

1. e4 c5 2. Nf3 d6 3. d4 cxd4 4. Nxd4 Nf6 5. Nc3 g6 6. Bc4 Bg7 7. h3 O-O 8. O-O
Nc6 9. Be3 Bd7 10. Bb3 Rc8 11. Re1 Na5 12. Bg5 1/2-1/2

[Event "I Festival A"]
[Site "Assisi ITA"]
[Date "2003.12.22"]
[Round "5"]
[White "Bentivegna, Francesco"]
[Black "Rombaldoni, Andrea"]
[Result "1/2-1/2"]
[WhiteElo "2176"]
[BlackElo "2275"]
[PlyCount "36"]
[EventDate "2003.12.20"]

1. e4 e5 2. Nf3 Nc6 3. d4 exd4 4. Bc4 Bc5 5. c3 Nf6 6. O-O Nxe4 7. cxd4 d5 8.
dxc5 dxc4 9. Qxd8+ Kxd8 10. Rd1+ Bd7 11. Ng5 Nxg5 12. Bxg5+ Kc8 13. Na3 Be6 14.
Bf4 a6 15. Rac1 Nb4 16. Nxc4 Nxa2 17. Rc2 Nb4 18. Rcc1 Na2 1/2-1/2

[Event "I Festival A"]
[Site "Assisi ITA"]
[Date "2003.12.22"]
[Round "5"]
[White "Bighiu, Gheorghe"]
[Black "Ragonesi, Marcello"]
[Result "0-1"]
[WhiteElo "2112"]
[BlackElo "1988"]
[PlyCount "30"]
[EventDate "2003.12.20"]

1. h3 c5 2. c3 Nf6 3. Nf3 b6 4. d4 e6 5. Bf4 Bb7 6. e3 Nc6 7. Nbd2 Be7 8. Bd3
O-O 9. e4 cxd4 10. cxd4 Nb4 11. Bb1 Ba6 12. a3 Nd3+ 13. Bxd3 Bxd3 14. e5 Nd5
15. Be3 Nxe3 0-1

[Event "I Festival A"]
[Site "Assisi ITA"]
[Date "2003.12.22"]
[Round "5"]
[White "Brancaleoni, Maurizio"]
[Black "Mogranzini, Roberto"]
[Result "1/2-1/2"]
[WhiteElo "2313"]
[BlackElo "2172"]
[PlyCount "22"]
[EventDate "2003.12.20"]

1. Nf3 Nf6 2. g3 g6 3. c4 Bg7 4. Bg2 O-O 5. O-O d6 6. Nc3 Nc6 7. Rb1 a5 8. a3
e5 9. d3 h6 10. b4 axb4 11. axb4 Be6 1/2-1/2

[Event "I Festival A"]
[Site "Assisi ITA"]
[Date "2003.12.22"]
[Round "5"]
[White "Calisi, Elia"]
[Black "Pizzuto, Samuele Tullio"]
[Result "0-1"]
[WhiteElo "1714"]
[BlackElo "2120"]
[PlyCount "56"]
[EventDate "2003.12.20"]

1. c4 Nc6 2. Nc3 e5 3. Nf3 f5 4. d3 Nf6 5. g3 Bc5 6. a3 d6 7. b4 Bb6 8. Na4 e4
9. Nxb6 axb6 10. dxe4 fxe4 11. Nd4 Nxb4 12. Bb2 Na6 13. Bg2 Nc5 14. Nb3 Bf5 15.
Nxc5 bxc5 16. O-O c6 17. Qc2 Qe7 18. e3 O-O 19. Rfd1 Ng4 20. Rd2 Ne5 21. Bxe5
Qxe5 22. Rad1 Rxa3 23. Rxd6 Bg4 24. R1d2 Ra1+ 25. Bf1 Bf3 26. Rd7 h5 27. h4 Qf5
28. Qb2 Rxf1+ 0-1

[Event "I Festival A"]
[Site "Assisi ITA"]
[Date "2003.12.22"]
[Round "5"]
[White "Di Caro, Calogero"]
[Black "Rombaldoni, Denis"]
[Result "0-1"]
[WhiteElo "2221"]
[BlackElo "2131"]
[PlyCount "92"]
[EventDate "2003.12.20"]

1. Nf3 d5 2. g3 Nf6 3. Bg2 e6 4. O-O Be7 5. d3 O-O 6. Nbd2 Nbd7 7. e4 dxe4 8.
dxe4 Nc5 9. e5 Nd5 10. Nb3 c6 11. Nxc5 Bxc5 12. c3 b5 13. Qc2 h6 14. Bd2 Qb6
15. Rae1 Bb7 16. Qe4 Rfd8 17. Qg4 Kh7 18. Qh5 Kg8 19. Bh3 Bf8 20. Re4 c5 21.
Rh4 g6 22. Qg4 Ne7 23. Bxh6 Nf5 24. Bg5 Bxf3 25. Qxf3 Nxh4 26. gxh4 Re8 27. Rd1
Qc7 28. Bf6 Bg7 29. h5 Bxf6 30. exf6 g5 31. Kh1 Rad8 32. Rg1 Qe5 33. Bf1 c4 34.
h4 Kh8 35. hxg5 Qd5 36. Be2 Rf8 37. Kh2 Qxf3 38. Bxf3 Rd2 39. Kg3 Rxb2 40. Re1
Rxa2 41. Re5 a6 42. Bb7 Ra3 43. Kf4 Rxc3 44. Bxa6 b4 45. Rc5 b3 46. Rb5 Rc2 0-1